Music Quiz

Random Music or Song Quiz

AC/DC Let There Be Rock Tour Songs Quiz Stats

 Plays Quiz not verified by Sporcle

Score 0/13 Timer 06:00
0 Plays Today
Number Song % Correct
#8Highway To Hell
100%
#13Let There Be Rock
95.8%
#10High Voltage
75%
#4Sin City
66.7%
#11Whole Lotta Rosie
66.7%
#7The Jack
54.2%
#9Girls Got Rhythm
54.2%
#1Live Wire
45.8%
#3Hell Ain't A Bad Place To Be
41.7%
#5Walk All Over You
41.7%
#6Bad Boy Boogie
41.7%
#2Shot Down In Flames
37.5%
#12Rocker
29.2%

You're not logged in!

Compare scores with friends on all Sporcle quizzes.
OR
Log In

Show Comments

Extras

Created Mar 11, 2013ReportNominate
Tags:Album Quiz, Rock Quiz, Song Quiz, let, tour

Top Quizzes Today


Score Distribution

Your Account Isn't Verified!

In order to create a playlist on Sporcle, you need to verify the email address you used during registration. Go to your Sporcle Settings to finish the process.

Report this User

Report this user for behavior that violates our Community Guidelines.

Details: